[Event "RSA-ch"]
[Site "Cape Town"]
[Date "2024.04.02"]
[Round "11"]
[White "Kobese, Watu"]
[Black "Mfazwe, Lutho"]
[Result "1-0"]
[WhiteElo "2268"]
[BlackElo "1956"]
[PlyCount "117"]
[EventDate "2024.03.25"]
[EventType "tourn"]
[EventRounds "11"]
[EventCountry "RSA"]
[SourceTitle "CB14_2024"]
[SourceDate "2024.04.01"]
[SourceVersion "1"]
[SourceVersionDate "2024.04.01"]
[SourceQuality "1"]

1. e4 e5 2. Nf3 Nf6 3. Nxe5 d6 4. Nf3 Nxe4 5. d4 d5 6. Bd3 Bd6 7. 0-0 0-0 8. c4 c6 9. cxd5 cxd5 10. Nc3 Nxc3 11. bxc3 Bg4 12. Rb1 b6 13. Rb5 Be7 14. c4 dxc4 15. Be4 Na6 16. Bxa8 Qxa8 17. Bf4 Qc6 18. a4 Bf6 19. d5 Qc8 20. d6 Nc5 21. Qc2 Nd3 22. Bg3 Bd7 23. Nd2 Be6 24. Rfb1 Bd4 25. a5 Qc6 26. axb6 axb6 27. Nf3 Bc5 28. Qc3 Qe4 29. h3 Bxh3 30. Rxc5 bxc5 31. gxh3 Qxf3 32. Qxc4 Qf5 33. Rd1 Nb4 34. d7 Rd8 35. Qe2 Qe6 36. Qxe6 fxe6 37. Bh4 Nc6 38. Rd6 Kf7 39. Rxc6 Rxd7 40. Rxc5 g6 41. Bg3 Rd1+ 42. Kg2 h6 43. h4 Re1 44. Bf4 g5 45. hxg5 hxg5 46. Bxg5 Kg6 47. Be3 Rd1 48. Kf3 Kf6 49. Ke4 Re1 50. Kf3 Rd1 51. Ke4 Re1 52. Rc1 Re2 53. Kd3 Ra2 54. Ra1 Rxa1 55. Bd4+ Kf5 56. Bxa1 Kf4 57. Ke2 Ke4 58. Bb2 Kf4 59. f3 1-0

[Event "RSA-ch"]
[Site "Cape Town"]
[Date "2024.03.27"]
[Round "3"]
[White "Kobese, Watu"]
[Black "Levitan, Caleb Levi"]
[Result "1/2-1/2"]
[WhiteElo "2268"]
[BlackElo "2235"]
[PlyCount "32"]
[EventDate "2024.03.25"]
[EventType "tourn"]
[EventRounds "11"]
[EventCountry "RSA"]
[SourceTitle "CB14_2024"]
[SourceDate "2024.04.01"]
[SourceVersion "1"]
[SourceVersionDate "2024.04.01"]
[SourceQuality "1"]

1. e4 e5 2. Nf3 Nc6 3. Bc4 Nf6 4. d3 h6 5. 0-0 d6 6. c3 g5 7. b4 Bg7 8. Nbd2 0-0 9. Bb3 Ne7 10. Nc4 Ng6 11. Ne3 Kh8 12. Re1 Nf4 13. Bc2 a5 14. b5 Ng4 15. Nf5 Bxf5 16. exf5 Nf6 1/2-1/2

[Event "Cape Town IM"]
[Site "Cape Town"]
[Date "2023.01.04"]
[Round "1"]
[White "Kobese, Watu"]
[Black "Kayonde, Andrew"]
[Result "1-0"]
[WhiteElo "2302"]
[BlackElo "2378"]
[PlyCount "83"]
[EventDate "2023.01.04"]
[EventType "tourn"]
[EventRounds "9"]
[EventCountry "RSA"]
[SourceTitle "CBM 212 Extra"]
[Source "ChessBase"]
[SourceDate "2023.03.31"]
[SourceVersion "1"]
[SourceVersionDate "2023.03.31"]
[SourceQuality "1"]

1. e4 c5 2. Nf3 g6 3. d4 cxd4 4. Nxd4 Nc6 5. Be2 Bg7 6. Nb3 Nf6 7. Nc3 0-0 8. 0-0 d6 9. Re1 Be6 10. Bf1 a5 11. a4 Bxb3 12. cxb3 e6 13. Bc4 Nb4 14. Bg5 h6 15. Bh4 g5 16. Bg3 d5 17. Bb5 Qb6 18. e5 Nh7 19. h4 Rac8 20. hxg5 Nxg5 21. Rc1 Rfd8 22. Bf4 d4 23. Ne4 Rxc1 24. Qxc1 d3 25. Be3 Rd4 26. Nxg5 hxg5 27. Qc3 Bxe5 28. Bxd4 Bxd4 29. Qd2 Qc5 30. Re4 Qd5 31. Rg4 f6 32. Bc4 Qd6 33. Re4 Be5 34. g3 Kg7 35. f4 Bd4+ 36. Kf1 e5 37. Bxd3 Bb6 38. Ke2 f5 39. Rxe5 Nc6 40. Re8 Qd7 41. Rg8+ Kf6 42. fxg5+ 1-0

[Event "South African op"]
[Site "Cape Town"]
[Date "2022.07.09"]
[Round "1"]
[White "Brander, Waylon"]
[Black "Kobese, Watu"]
[Result "0-1"]
[WhiteElo "1723"]
[BlackElo "2311"]
[PlyCount "125"]
[EventDate "2022.07.09"]
[EventType "swiss"]
[EventRounds "11"]
[EventCountry "RSA"]
[SourceTitle "CBM 209 Extra"]
[Source "ChessBase"]
[SourceDate "2022.09.30"]
[SourceVersion "1"]
[SourceVersionDate "2022.09.30"]
[SourceQuality "1"]

1. d4 Nf6 2. c4 e6 3. Nf3 Bb4+ 4. Bd2 Qe7 5. g3 Nc6 6. Nc3 0-0 7. Bg2 d6 8. 0-0 a5 9. Qc2 Rd8 10. e4 Bxc3 11. bxc3 e5 12. d5 Nb8 13. Ne1 Re8 14. Nd3 b6 15. Rae1 Ba6 16. c5 Bxd3 17. Qxd3 dxc5 18. f4 Nbd7 19. c4 Qd6 20. Qf3 c6 21. g4 exf4 22. g5 Ne5 23. Qxf4 Nfd7 24. Re3 Re7 25. Rb3 a4 26. Rh3 Nf8 27. Rb1 Rb8 28. Qf1 Nfg6 29. Ra3 Ng4 30. Rg3 N4e5 31. Ra3 cxd5 32. exd5 Ra8 33. Be1 f6 34. Bg3 fxg5 35. Qf5 Nf4 36. Bxf4 gxf4 37. Qxf4 Rf8 38. Qh4 Ng6 39. Qg3 Nf4 40. Kh1 Re2 41. Bf3 Qe5 42. Bxe2 Qe4+ 43. Bf3 Qxb1+ 44. Qg1 Qb4 45. Qc1 b5 46. cxb5 Qxb5 47. Rc3 Ne2 48. Rxc5 Nxc1 49. Rxb5 Rxf3 50. Rb4 Nxa2 51. Rxa4 Nc3 52. Rd4 Rf7 53. Kg2 Rd7 54. d6 Nb5 55. Rd5 Nxd6 56. Ra5 g6 57. Ra2 Nf5 58. Kf2 Kg7 59. Kg2 g5 60. Kf2 h5 61. Kg2 Kg6 62. Kf2 g4 63. Kg2 0-1

[Event "RSA-ch"]
[Site "Cape Town"]
[Date "2022.05.08"]
[Round "3"]
[White "Mazibuko, Khanya"]
[Black "Kobese, Watu"]
[Result "1/2-1/2"]
[WhiteElo "1917"]
[BlackElo "2324"]
[PlyCount "121"]
[EventDate "2022.05.07"]
[EventType "tourn"]
[EventRounds "9"]
[EventCountry "RSA"]
[SourceTitle "CBM 208 Extra"]
[Source "ChessBase"]
[SourceDate "2022.07.31"]
[SourceVersion "1"]
[SourceVersionDate "2022.07.31"]
[SourceQuality "1"]

1. e4 c5 2. Nf3 e6 3. c3 d5 4. exd5 Qxd5 5. d4 Nc6 6. Na3 Nf6 7. Be3 cxd4 8. Nb5 Qd8 9. Nbxd4 Nd5 10. Nxc6 bxc6 11. Bc1 Bd6 12. Bc4 0-0 13. 0-0 Qc7 14. Re1 e5 15. Ng5 h6 16. Ne4 Be7 17. Ng3 Nf6 18. Qc2 Kh8 19. Bd2 Bc5 20. Be3 Bxe3 21. Rxe3 Nd5 22. Ree1 f5 23. Rad1 Be6 24. Bb3 f4 25. Ne4 f3 26. g3 Rad8 27. c4 Ne7 28. Nc5 Rxd1 29. Qxd1 Bg4 30. Qd3 Rf5 31. Bc2 g6 32. Qd7 Qa5 33. Qe8+ Ng8 34. Rxe5 Rxe5 35. Qxe5+ Kh7 36. Bd3 Qd2 37. Qe3 Qxb2 38. h3 Bxh3 39. Qxf3 Qf6 40. Be4 Qxf3 41. Bxf3 Ne7 42. g4 h5 43. gxh5 g5 44. Nd3 Be6 45. Ne5 c5 46. Bg4 Bxg4 47. Nxg4 Nf5 48. Kf1 Nd6 49. Ne5 Kh6 50. Ke2 Ne4 51. a3 Kxh5 52. Ke3 Nc3 53. Nd3 g4 54. Nxc5 Nd1+ 55. Kd4 Nxf2 56. Ne6 g3 57. Nf4+ Kg4 58. Ng2 Kf3 59. Ne1+ Ke2 60. Ng2 Kf3 61. Ne1+ 1/2-1/2

[Event "Titled Tuesday intern op 6th June"]
[Site "Chess.com INT"]
[Date "2020.06.02"]
[Round "1"]
[White "Kobese, Watu"]
[Black "Prohorov, Olexandr"]
[Result "1-0"]
[WhiteElo "2324"]
[BlackElo "2086"]
[PlyCount "43"]
[EventDate "2020.06.02"]
[EventType "swiss (blitz)"]
[EventRounds "10"]
[EventCountry "USA"]
[SourceTitle "CBM 196 Extra"]
[Source "ChessBase"]
[SourceDate "2020.07.31"]
[SourceVersion "1"]
[SourceVersionDate "2020.07.31"]
[SourceQuality "1"]

1. e4 c5 2. Nf3 e6 3. d4 cxd4 4. Nxd4 Qb6 5. Nb3 Nf6 6. Be3 Qc7 7. Nc3 Bb4 8. Bd3 d5 9. exd5 Nxd5 10. 0-0 Nxc3 11. bxc3 Be7 12. Qg4 0-0 13. f4 Bf6 14. Rad1 Nc6 15. Rf3 g6 16. Rh3 Bg7 17. Qh4 h6 18. f5 exf5 19. Bxh6 Bxc3 20. Bf4 Qb6+ 21. Be3 Qc7 22. Qh7# 1-0

[Event "Titled Tuesday intern op 6th June"]
[Site "Chess.com INT"]
[Date "2020.06.02"]
[Round "8"]
[White "Kobese, Watu"]
[Black "Szente Varga, Fruzsina"]
[Result "1-0"]
[WhiteElo "2324"]
[BlackElo "2100"]
[PlyCount "85"]
[EventDate "2020.06.02"]
[EventType "swiss (blitz)"]
[EventRounds "10"]
[EventCountry "USA"]
[SourceTitle "CBM 196 Extra"]
[Source "ChessBase"]
[SourceDate "2020.07.31"]
[SourceVersion "1"]
[SourceVersionDate "2020.07.31"]
[SourceQuality "1"]

1. e4 Nf6 2. e5 Nd5 3. d4 g6 4. c4 Nb6 5. f4 Bg7 6. Nc3 d6 7. Be3 0-0 8. c5 dxc5 9. dxc5 Qxd1+ 10. Rxd1 N6d7 11. Nd5 Nc6 12. Nxc7 Rb8 13. Nf3 e6 14. Nb5 b6 15. cxb6 Nxb6 16. Bc5 Rd8 17. Rxd8+ Nxd8 18. Nxa7 Na4 19. Bd4 Nxb2 20. Nxc8 Rxc8 21. Bxb2 Rc2 22. Bd4 Rxa2 23. Be2 Nc6 24. Bc3 Bh6 25. g3 Bf8 26. Nd4 Nxd4 27. Bxd4 Ra4 28. Be3 Ra1+ 29. Bd1 Bb4+ 30. Kf2 Kg7 31. Bf3 Ra2+ 32. Be2 h5 33. h3 Ba5 34. g4 hxg4 35. hxg4 f6 36. exf6+ Kxf6 37. Bd4+ Ke7 38. Bc5+ Kf6 39. Kf3 Ra4 40. Rh7 g5 41. fxg5+ Kxg5 42. Be7+ Kg6 43. Bd3+ 1-0

[Event "Titled Tuesday intern op 12th May"]
[Site "Chess.com INT"]
[Date "2020.05.12"]
[Round "9"]
[White "Kobese, Watu"]
[Black "Kabanova, Ekaterina"]
[Result "1-0"]
[WhiteElo "2324"]
[BlackElo "2138"]
[PlyCount "61"]
[EventDate "2020.05.12"]
[EventType "swiss (blitz)"]
[EventRounds "10"]
[EventCountry "USA"]
[SourceTitle "EXT 2021"]
[Source "ChessBase"]
[SourceDate "2020.10.23"]
[SourceVersion "1"]
[SourceVersionDate "2020.10.23"]
[SourceQuality "1"]

1. e4 c5 2. Nf3 e6 3. d4 cxd4 4. Nxd4 a6 5. Nc3 Qc7 6. Be2 b5 7. 0-0 Bb7 8. Re1 Nf6 9. Bf3 d6 10. Nd5 Qd8 11. Bg5 Nbd7 12. a4 bxa4 13. c4 h6 14. Bxf6 gxf6 15. Nxe6 Qc8 16. Bh5 Bxd5 17. exd5 Ne5 18. f4 Ke7 19. Nd4 Qxc4 20. fxe5 fxe5 21. Rc1 Qa2 22. Qf3 Rh7 23. Rc7+ Kd8 24. Rxf7 Rxf7 25. Qxf7 Be7 26. Nc6+ Kc7 27. Qxe7+ Kb6 28. Qxd6 Qxb2 29. Nxe5+ Kb5 30. Qc6+ Kb4 31. Nd3+ 1-0

[Event "Titled Tuesday intern op 12th May"]
[Site "Chess.com INT"]
[Date "2020.05.12"]
[Round "1"]
[White "Kobese, Watu"]
[Black "Kalinina, Larisa"]
[Result "1-0"]
[WhiteElo "2324"]
[BlackElo "2131"]
[PlyCount "67"]
[EventDate "2020.05.12"]
[EventType "swiss (blitz)"]
[EventRounds "10"]
[EventCountry "USA"]
[SourceTitle "EXT 2021"]
[Source "ChessBase"]
[SourceDate "2020.10.23"]
[SourceVersion "1"]
[SourceVersionDate "2020.10.23"]
[SourceQuality "1"]

1. e4 c5 2. Nf3 Nc6 3. d4 cxd4 4. Nxd4 Nf6 5. Nc3 d6 6. Bc4 Qb6 7. Nb3 e6 8. Be3 Qc7 9. Bd3 a6 10. f4 Be7 11. Qf3 0-0 12. 0-0 b5 13. a3 Bb7 14. Qh3 g6 15. Kh1 Rfd8 16. f5 Ne5 17. fxe6 fxe6 18. Qxe6+ Kg7 19. Qh3 Bc8 20. Qh6+ Kg8 21. h3 Neg4 22. hxg4 Nxg4 23. Qf4 Nxe3 24. Qxe3 Be6 25. Nd4 Bf7 26. Nd5 Bxd5 27. exd5 Qd7 28. Qe6+ Qxe6 29. Nxe6 Rdc8 30. a4 b4 31. a5 Bh4 32. Kh2 Ra7 33. g3 Bd8 34. Rf8# 1-0

[Event "Titled Tuesday intern op 12th May"]
[Site "Chess.com INT"]
[Date "2020.05.12"]
[Round "7"]
[White "Kobese, Watu"]
[Black "Magallanes, Rey Jomar"]
[Result "1-0"]
[WhiteElo "2324"]
[BlackElo "2036"]
[PlyCount "43"]
[EventDate "2020.05.12"]
[EventType "swiss (blitz)"]
[EventRounds "10"]
[EventCountry "USA"]
[SourceTitle "EXT 2021"]
[Source "ChessBase"]
[SourceDate "2020.10.23"]
[SourceVersion "1"]
[SourceVersionDate "2020.10.23"]
[SourceQuality "1"]

1. e4 c5 2. Nf3 d6 3. d4 cxd4 4. Nxd4 a6 5. Nc3 e6 6. Bc4 b5 7. Bb3 Bb7 8. 0-0 Nd7 9. f4 Nc5 10. f5 e5 11. Ne6 fxe6 12. Qh5+ Kd7 13. fxe6+ Kc7 14. Nd5+ Kb8 15. Bg5 Ne7 16. Rxf8 Rxf8 17. Bxe7 Qe8 18. Bxd6+ Kc8 19. Nb6+ Kd8 20. e7+ Qxe7 21. Bxe7+ Kxe7 22. Qxe5+ 1-0

[Event "Titled Tuesday intern op 12th May"]
[Site "Chess.com INT"]
[Date "2020.05.12"]
[Round "8"]
[White "Szadkowski, Kamil"]
[Black "Kobese, Watu"]
[Result "1-0"]
[WhiteElo "2278"]
[BlackElo "2324"]
[PlyCount "119"]
[EventDate "2020.05.12"]
[EventType "swiss (blitz)"]
[EventRounds "10"]
[EventCountry "USA"]
[SourceTitle "EXT 2021"]
[Source "ChessBase"]
[SourceDate "2020.10.23"]
[SourceVersion "1"]
[SourceVersionDate "2020.10.23"]
[SourceQuality "1"]

1. e4 e5 2. Nf3 Nc6 3. Bb5 a6 4. Ba4 Nf6 5. d4 exd4 6. 0-0 Be7 7. Re1 0-0 8. e5 Nd5 9. Nxd4 Nxd4 10. Qxd4 Nb6 11. Bb3 d5 12. exd6 Bf6 13. Qf4 Qxd6 14. Qxd6 cxd6 15. Nc3 Bxc3 16. bxc3 d5 17. Ba3 Be6 18. Bxf8 Kxf8 19. Rab1 Rc8 20. a4 Rxc3 21. a5 Nd7 22. f3 Rc7 23. Kf2 Nf6 24. Ra1 Ke7 25. Ra4 Kd6 26. Rb4 Nd7 27. Rd1 Kc5 28. Rbd4 Nf6 29. g4 h6 30. h4 g5 31. hxg5 hxg5 32. c4 dxc4 33. Bxc4 Rc6 34. Bxe6 Rxe6 35. Rd8 Kb5 36. R8d6 Kxa5 37. Rxe6 fxe6 38. Rd6 Nd5 39. Rxe6 b5 40. Re5 Nf4 41. Ke3 Ng2+ 42. Kd4 Kb4 43. Rxg5 a5 44. Rg8 a4 45. g5 Nf4 46. Ke4 Ne6 47. Ke5 Nc5 48. g6 a3 49. g7 a2 50. Ra8 Na4 51. g8Q a1Q+ 52. Kf5 Qb1+ 53. Kf4 Nc5 54. Qf8 Qc1+ 55. Kf5 Kc4 56. Rc8 Qc2+ 57. Kg4 Qg6+ 58. Kf4 Qb6 59. Qf5 Kb4 60. Qb1+ 1-0

[Event "Titled Tuesday intern op 12th May"]
[Site "Chess.com INT"]
[Date "2020.05.12"]
[Round "5"]
[White "Urh, Zala"]
[Black "Kobese, Watu"]
[Result "1-0"]
[WhiteElo "2108"]
[BlackElo "2324"]
[PlyCount "135"]
[EventDate "2020.05.12"]
[EventType "swiss (blitz)"]
[EventRounds "10"]
[EventCountry "USA"]
[SourceTitle "EXT 2021"]
[Source "ChessBase"]
[SourceDate "2020.10.23"]
[SourceVersion "1"]
[SourceVersionDate "2020.10.23"]
[SourceQuality "1"]

1. d4 Nf6 2. c4 e6 3. Nc3 Bb4 4. Nf3 0-0 5. Bg5 d5 6. e3 h6 7. Bh4 b6 8. cxd5 exd5 9. Rc1 Be7 10. Bd3 c5 11. 0-0 c4 12. Bb1 Nc6 13. Re1 Bg4 14. h3 Bh5 15. g4 Bg6 16. Bxg6 fxg6 17. Bg3 Bd6 18. Ne5 Rc8 19. Nxg6 Bxg3 20. fxg3 Re8 21. Qf3 Nb4 22. Rf1 Qd6 23. Ne5 Rxe5 24. dxe5 Qxe5 25. Ne2 Nd3 26. Rc2 Nxb2 27. Nd4 Nd3 28. Kg2 Re8 29. Nf5 Kh7 30. Re2 Re6 31. h4 Ne4 32. g5 Rg6 33. gxh6 gxh6 34. h5 Rg5 35. Kh2 Nf6 36. Rg2 Rxh5+ 37. Nh4 Kg7 38. Qf4 Nxf4 39. gxf4+ Kh7 40. fxe5 Rxh4+ 41. Kg3 Re4 42. exf6 Rxe3+ 43. Rf3 Re8 44. f7 Rf8 45. Kf2 h5 46. Rg5 h4 47. Rxd5 Kg6 48. Rd6+ Kg7 49. Rd4 h3 50. Rh4 Rxf7 51. Rxf7+ Kxf7 52. Rxh3 b5 53. Ke2 Ke6 54. Kd2 Kd5 55. Kc3 a6 56. a3 Kc5 57. Rh5+ Kb6 58. Rh6+ Ka5 59. Rh5 Ka4 60. Kb2 a5 61. Rh4 b4 62. axb4 Kxb4 63. Rh3 a4 64. Rc3 Kc5 65. Ka3 Kd4 66. Kb4 a3 67. Rxa3 Kd5 68. Rc3 1-0

[Event "RSA-ch"]
[Site "Cape Town"]
[Date "2019.12.07"]
[Round "1"]
[White "Barrish, Daniel"]
[Black "Kobese, Watu"]
[Result "1/2-1/2"]
[WhiteElo "2363"]
[BlackElo "2342"]
[PlyCount "120"]
[EventDate "2019.12.07"]
[EventType "tourn"]
[EventRounds "11"]
[EventCountry "RSA"]
[SourceTitle "CBM 193 Extra"]
[Source "ChessBase"]
[SourceDate "2020.01.31"]
[SourceVersion "1"]
[SourceVersionDate "2020.01.31"]
[SourceQuality "1"]

1. d4 Nf6 2. c4 e6 3. Nc3 Bb4 4. f3 Nc6 5. a3 Be7 6. e4 d6 7. Be3 a5 8. Bd3 e5 9. d5 Nb8 10. Nge2 Nfd7 11. Rb1 Bh4+ 12. g3 Bg5 13. Bf2 h5 14. f4 exf4 15. gxf4 Bh4 16. Ng3 Nf6 17. e5 dxe5 18. fxe5 Ng4 19. e6 0-0 20. Bc5 fxe6 21. Bxf8 Qxf8 22. Rf1 Qc5 23. Qf3 Qe3+ 24. Qxe3 Nxe3 25. Rf3 Ng4 26. h3 Ne5 27. Re3 Ng6 28. Bf1 exd5 29. Nxd5 Bd7 30. Kf2 Na6 31. Bd3 Rf8+ 32. Kg2 Nf4+ 33. Nxf4 Rxf4 34. Be4 Nc5 35. Bd5+ Kh7 36. b4 axb4 37. axb4 Na4 38. Be4+ Kh6 39. Rd1 Nb6 40. c5 Nc4 41. Re2 Bc8 42. Bd3 b5 43. Be4 Bg5 44. Bd5 Rh4 45. Be6 Bb7+ 46. Kh2 g6 47. Rd7 Bf4 48. Rd8 Ne5 49. Bd5 Bxd5 50. Rxd5 Ng4+ 51. Kg1 Rxh3 52. Nf1 Rb3 53. Rd4 Bg5 54. Re6 Rb1 55. Kg2 Rb2+ 56. Kg1 Bh4 57. Rd7 Rxb4 58. Rxc7 Bf2+ 59. Kg2 Bd4 60. Re2 Rc4 1/2-1/2